00247nam a2200085Ia 4500008004100000100002300041245004600064260004200110260000900152170620s9999 xx 000 0 und d aNagaraju- M. T. V. 0aStudy Habits of Secondary School Students bNew Delhi- Discovery Publishing House c2006